[Event "GER-chT U20"]
[Site "Borken"]
[Date "2016.12.27"]
[Round "1.4"]
[White "Karl, Binh"]
[Black "Schulte, Felix"]
[Result "0-1"]
[WhiteElo "1791"]
[BlackElo "1873"]
[PlyCount "86"]
[EventDate "2016.12.27"]
[EventType "team-swiss"]
[EventRounds "7"]
[EventCountry "GER"]
[SourceTitle "EXT 2018"]
[Source "ChessBase"]
[SourceDate "2017.10.13"]
[SourceVersion "1"]
[SourceVersionDate "2017.10.13"]
[SourceQuality "1"]
[WhiteTeam "Plauen Koenig"]
[BlackTeam "Halle USV"]
[WhiteTeamCountry "GER"]
[BlackTeamCountry "GER"]

1. e4 c5 2. Nf3 e6 3. d4 cxd4 4. Nxd4 a6 5. Bd3 Nf6 6. 0-0 d6 7. Nc3 Qc7 8. Be3 b5 9. h3 Bb7 10. a3 Nbd7 11. Qe2 Nc5 12. Bd2 Be7 13. Rac1 0-0 14. b4 Nxd3 15. cxd3 Qd7 16. Nb3 Rac8 17. Be3 Rfe8 18. Qb2 Bf8 19. Kh1 g6 20. Bd4 Bg7 21. Ne2 Qe7 22. Ng3 e5 23. Be3 d5 24. Bc5 Qe6 25. Rfe1 h5 26. Qb1 h4 27. Nf1 dxe4 28. Na5 Ba8 29. dxe4 Bh6 30. Rc3 Red8 31. Nb3 Nh5 32. Kg1 Nf4 33. Rf3 f5 34. Nfd2 Nxg2 35. Kxg2 Bxd2 36. Nxd2 Rxd2 37. Kg1 Bxe4 38. Rxe4 fxe4 39. Qxe4 Rcd8 40. Kg2 Kg7 41. Qe3 R2d3 42. Bf8+ Rxf8 43. Qxd3 Qc6 0-1